| 000 | 00604nam a2200169Ia 4500 | ||
|---|---|---|---|
| 008 | 140626s9999 xx 000 0 und d | ||
| 100 | _aShyu, Yuh-Kae. | ||
| 245 |
_aHealth-related quality of life and healthcare resource utilization in Taiwanese women with menoposal symptoms : _ba nationwide survey / _cYuh-Kae Shyu ... [et al.]. |
||
| 260 | _cc2013. | ||
| 300 | _a21 : 3, page 208 | ||
| 440 | _aThe Journal of Nursing Research (JNR) | ||
| 521 | _aNUR | ||
| 650 | _aHealth care resource utilization. | ||
| 650 | _aHealth-related quality of life. | ||
| 650 | _aMenopausal symptoms. | ||
| 942 | _cSE | ||
| 999 |
_c121405 _d121405 |
||